Nanostructures: Theory and modelling (Record no. 20703)

MARC details
000 -LEADER
fixed length control field 00447nam a2200169Ia 4500
008 - FIXED-LENGTH DATA ELEMENTS--GENERAL INFORMATION
fixed length control field 230917s9999||||xx |||||||||||||| ||und||
020 ## - ISBN
Price RS695
040 ## - CATALOGING SOURCE
-- 208274
Original cataloging agency VIVEKANANDA LIBRARY
041 ## - Language
-- English
082 ## - DDC NUMBER
Classification number 620.5 D378N
100 ## - MAIN ENTRY--PERSONAL NAME
Personal name Delerue, C
245 #0 - TITLE STATEMENT
Title Nanostructures: Theory and modelling
260 ## - PUBLICATION, DISTRIBUTION, ETC. (IMPRINT)
Place of publication, distribution, etc New Delhi
Name of publisher, distributor, etc Springer(India)
Date of publication, distribution, etc 2008
300 ## - PHYSICAL DESCRIPTION
Pages xiv, 304p p.
500 ## - GENERAL NOTE
General note 2551 01/08/2013 198 13/08/2013 Main Budget
942 ## - ADDED ENTRY ELEMENTS (KOHA)
Koha item type Books
Holdings
Withdrawn status Lost status Damaged status Not for loan Location (home branch) Sublocation or collection (holding branch) Date acquired Koha issues (times borrowed) Koha full call number Accession No. Koha date last seen Koha item type
        VIVEKANANDA LIBRARY VIVEKANANDA LIBRARY 27/09/2013   620.5 D378N 333346 17/09/2023 Books
© Designed and Maintained by Vivekananda Library, MDU Rohtak